Idea Evropy
Salvato in:
| Autore principale: | |
|---|---|
| Altri autori: | |
| Natura: | Libro |
| Lingua: | ceco |
| Pubblicazione: |
Brno
Barrister & Principal
2003
|
| Serie: | Vize Evropy
sv. 2 |
| Soggetti: | |
| Tags: |
Nessun Tag, puoi essere il primo ad aggiungerne!!
|
MARC
| LEADER | 00000nam$a2200000$$$4500 | ||
|---|---|---|---|
| 001 | 0011744 | ||
| 005 | 20221207102634.2 | ||
| 020 | |a 80-86598-32-2 | ||
| 041 | 0 | |a cze | |
| 044 | |a CZ | ||
| 245 | 1 | 0 | |a Idea Evropy |c Romano Prodi ; [přeložil Adam Mackerle] |
| 264 | 1 | |a Brno |b Barrister & Principal |c 2003 | |
| 300 | |a 137 s. | ||
| 490 | 1 | |a Vize Evropy |v sv. 2 | |
| 830 | 0 | |a Vize Evropy |v sv. 2 | |
| 610 | 2 | 0 | |a Európska únia |
| 610 | 2 | 0 | |a Európa |
| 610 | 2 | 0 | |a integrácia ekonomická medzinárodná |
| 610 | 2 | 0 | |a vzťahy hospodárske medzinárodné |
| 610 | 2 | 0 | |a vzťahy politické medzinárodné |
| 100 | 1 | |a Prodi, Romano | |
| 700 | 1 | |a Mackerle, Adam | |